000
00327nam a2200133Ia 4500
005
20251222155124.0
008
251222s9999||||xx |||||||||||||| ||spa||
082
_a
ETI.171
100
_a
JOSE ANTONIO P
245
0
_a
Id y curad evangelizar el mundo de la salud y la enf,
250
_a
1ra. ed.
264
_b
PPC
942
_c
LIB
999
_c
38565
_d
38565